Video Games Characters - Statistics

General Stats
  • This quiz has been taken 108 times
  • The average score is 5 of 5
Answer Stats
Picture Answer % Correct
Mario
99%
Sonic
98%
Pikachu
94%
Kirby
90%
Steve
82%
No matching quizzes found
Score Distribution
Percent of People with Each Score
Percentile by Number Answered
Your Score History
You have not taken this quiz